| 000 | 00483nam a22001817a 4500 | ||
|---|---|---|---|
| 003 | UA-OsUOA | ||
| 001 | 8586 | ||
| 007 | ta | ||
| 008 | 20040817b un ||||| |||| 00| 0 ukr d | ||
| 100 | _aСизоненко О. | ||
| 942 | _cSA | ||
| 040 |
_aUA-OsUOA _cUA-OsUOA _dUA-OsUOA |
||
| 245 | _aВона йде! : Етюд | ||
| 300 | _aС.5 | ||
| 955 | _a0 | ||
| 773 | 0 |
_w0 _tЛітературна Украіна _dКиїв _d2004 _g№31 |
|
| 650 | 7 |
_aХудожня література _2UDC |
|
| 999 |
_c294747 _d294747 |
||